Sports Quiz

Random Sports or College Quiz
Score 0/20 Timer 07:00
1 Play Today
Hint Answer % Correct
StateUtah
100%
Team ColorWhite
91.7%
Team ColorRed
90.9%
No. of Women's Varsity Sports11
78.6%
Primary RivalUtah State
77%
Famous Alum: QB Alex _____Smith
75.4%
No. of Men's Varsity Sports7
72.6%
Primary RivalBYU
72.6%
NicknameUtes
71.8%
Famous Alum: PF _____ Van HornKeith
57.5%
Hint Answer % Correct
Famous Alum: C Andrew _____Bogut
55.2%
ConferencePac-12
53.3%
CitySalt Lake City
52.7%
Sport w/ most NCAA ChampionshipsSkiing (11)
30.6%
MascotSwoop
27.8%
Fight SongUtah Man
26.2%
Basketball ArenaJon M. Huntsman Center
19.2%
Athletic DirectorMark Harlan
14.7%
Baseball StadiumSmith's Ballpark
14.3%
Football StadiumRice–Eccles Stadium
5.6%
Remove Ads.
Support Sporcle.
Get the best of Sporcle when you Go Orange. This ad-free experience offers more features, more stats, and more fun while also helping to support Sporcle. Thank you for becoming a member.

You're not logged in!

Compare scores with friends on all Sporcle quizzes.
OR
Log In

Show Comments

Extras

Top Quizzes Today


Score Distribution

Your Account Isn't Verified!

In order to create a playlist on Sporcle, you need to verify the email address you used during registration. Go to your Sporcle Settings to finish the process.

Report this User

Report this user for behavior that violates our Community Guidelines.

Details: